| Tag |
First Indicator |
Second Indicator |
Subfields |
| LEADER |
00000cam a2200000 a 4500 |
| 001 |
in00000030008 |
| 005 |
20151007054841.0 |
| 007 |
he bmb||||||| |
| 008 |
860426r19861983orua bb 00010 eng d |
| 035 |
|
|
|a (OCoLC)13499803
|
| 035 |
|
|
|9 AAB6420AM
|
| 040 |
|
|
|a ORU
|c XBM
|d XBM
|d HPE
|d TXA
|d UtOrBLW
|
| 049 |
|
|
|a TXAI
|
| 099 |
|
|
|a fiche
|a C
|a 9476
|
| 100 |
1 |
|
|a Raglin, John S.
|
| 245 |
1 |
0 |
|a Influence of acute exercise and "distraction" therapy on state anxiety and blood pressure in normotensive and hypertensive adult males /
|c by John S. Raglin.
|
| 264 |
|
1 |
|a [Place of publication not identified] :
|b [publisher not identified] ;
|c 1983.
|
| 300 |
|
|
|a v, 73 leaves :
|b illustrations
|
| 336 |
|
|
|a text
|b txt
|2 rdacontent
|
| 337 |
|
|
|a microform
|b h
|2 rdamedia
|
| 338 |
|
|
|a microfiche
|b he
|2 rdacarrier
|
| 502 |
|
|
|b M.S.
|c Madison
|d 1983.
|
| 504 |
|
|
|a Bibliography: leaves [74]-[81]
|
| 533 |
|
|
|a Microfiche.
|b Eugene :
|c Microform Publications, College of Human Development and Performance, University of Oregon,
|d 1986.
|e 1 microfiche : negative ; 11 x 15 cm.
|
| 500 |
|
|
|a Microform.
|
| 650 |
|
0 |
|a Hypertension.
|
| 650 |
|
0 |
|a Exercise
|x Physiological aspects.
|
| 650 |
|
0 |
|a Anxiety.
|
| 999 |
|
|
|a MARS
|
| 999 |
f |
f |
|s 2bd90746-8044-39fc-9b7e-01993730baf0
|i ab8c2f54-b122-3374-8a5a-ff1ff4b8f661
|t 0
|
| 952 |
f |
f |
|p normal
|a Texas A&M University
|b College Station
|c Sterling C. Evans Library
|d Evans: Microforms (3rd floor)
|t 0
|e fiche C 9476
|h Other scheme
|i microform -- microfiche
|m A14822831521
|
| 998 |
f |
f |
|a fiche C 9476
|t 0
|l Evans: Microforms (3rd floor)
|